Указы Сибирской губернской канцелярии, выписки из журналов воеводской канцелярии, доношения разных лиц об увольнении в отставку ...

RUSMARC
00005257cbm0a2200337#x 450
001635bc433-4cb9-46a3-9377-1cca7f2f16c9
00520230404154625.0
100##$a20141018l17211724k##y0rusy0189 ca
1010#$arus
102##$aRU
105##$ay###z########
1222#$ad17210614##
$ad17241118##
2001#$aУказы Сибирской губернской канцелярии, выписки из журналов воеводской канцелярии, доношения разных лиц об увольнении в отставку воинских чинов, солдатских детях и др. членах семьи воинских чинов
$bДело
$eначато 14.06.1721 г. - окончено 18.11.1724 г.
210##$d1721-1724
215##$a18 листов
2251#$aФонд Тюменская воеводская канцелярия
$hОпись № 1
300##$aРукописный текст. Скоропись. Чернила
300##$aГербовое клеймо на листах: 17, 18
300##$aСургучная печать на листах: 9, 15
330##$aУказы Сибирской губернской канцелярии, выписки из журналов воеводской канцелярии, доношения разных лиц об увольнении в отставку воинских чинов, солдатских детях и др. членах семьи воинских чинов
60102$2prlib_sh
$3DITM\AF\0000005569
$aТюменская воеводская канцелярия
$jДокументы и материалы
605##$2acquisition_Prlib
$3DITM\AF\0000002775
$aВласть
$lколлекция
605##$2acquisition_Prlib
$3DITM\AF\0000004675
$aТерритория
$lколлекция
605##$aСемья и традиционные семейные ценности в России как основа российской государственности
$lколлекция
$2acquisition_Prlib
$3LIBNET\UAF\0000106762
6061#$2nlr_sh1
$3RU\NLR\AUTH\66742546
$aВооруженные силы
$xИстория
$yРоссия
$jДокументы и материалы
607##$2prlib_sh
$3LIBNET\UAF\0000015636
$aСибирская губерния
$jДокументы и материалы
686##$a63.3(285.3)511-35ю11
$vLBC/M
$2rubbk
71002$3DITM\AF\0000005569
$aТюменская воеводская канцелярия
801#0$aRU
$bТюменская ОНБ
$c20141018
$grcr
801#1$aRU
$bТюменская ОНБ
$c20141018
$2rusmarc
801#2$aRU
$bПБ им. Б.Н. Ельцина
$c20150929
$gRCR
$2rusmarc
852##$aГос. архив Тюменской области.
$bФ. И-47.
$gОп. 1.
$jД.3107.
035##$aLIBNET\0000487942
937##$d49935033
$hГос. архив Тюменской области
8564#$uhttp://www.prlib.ru/Lib/pages/item.aspx?itemid=138674
Формат отображения